Kpop groups - Statistics

General Stats
  • This quiz has been taken 26 times
  • The average score is 38 of 90
Answer Stats
Answer % Correct
Stray kids
96%
Blackpink
88%
BTS
88%
Twice
88%
Enhypen
80%
IVE
80%
NCT
76%
Seventeen
76%
TXT
76%
Aespa
72%
Itzy
72%
Red velvet
72%
EXO
68%
New jeans
68%
Ateez
64%
Babymonster
64%
BIGBANG
64%
Girl's Generation
64%
Le Sserafim
64%
Illit
60%
The boyz
60%
Treasure
60%
G-idle
56%
Cortis
52%
GOT7
52%
Loona
52%
Monsta X
52%
Dreamcatcher
48%
Hearts2Hearts
48%
Ikon
48%
NCT 127
48%
NCT Dream
48%
Shinee
48%
Astro
44%
Mamamoo
44%
P1harmony
44%
Pentagon
44%
Super junior
44%
AOA
40%
Apink
40%
Cravity
40%
Fromis_9
40%
Gfriend
40%
KiiiKiii
40%
Kiss of life
40%
NCT wish
40%
Wanna one
40%
Allday project
36%
CLC
36%
Fifty Fifty
36%
Momoland
36%
Oneus
36%
WayV
36%
Black swan
32%
Block B
32%
BTOB
32%
Everglow
32%
F(x)
32%
KARD
32%
Weeekly
32%
Billlie
28%
Day6
28%
Exid
28%
miss A
28%
Nu'est
28%
Oh my girl
28%
OnlyOneOf
28%
T-ARA
28%
Cherry Bullet
24%
KARA
24%
XLOV
24%
ACE
20%
Class:y
20%
Elast
20%
MCND
20%
MIRAE
20%
The rose
20%
Unchild
20%
WJSN
20%
ZE:A
20%
APRIL
16%
Girl's day
16%
Lovelyz
16%
Golden child
12%
GOT the beat
12%
MAVE
12%
WEi
12%
N.Flying
8%
TRI.BE
8%
U.kiss
8%
No matching quizzes found
Score Distribution
Percent of People with Each Score
Percentile by Number Answered
Your Score History
You have not taken this quiz